000 00658cam a22002293a 4500
001 12718
003 PGUSA
005 20140828083256.0
008 040601s2004||||xxu|||||s|||||000 p eng d
040 _aPGUSA
_beng
042 _adc
050 4 _aPS
100 1 _aWhitman, Walt,
_d1819-1892
245 1 0 _aSong of Myself Selections
_h[electronic resource] /
_cWalt Whitman
260 _bProject Gutenberg,
_c2004
506 _aCopyrighted. Read the copyright notice inside this book for details.
516 _aElectronic text
653 _aPoetry
830 0 _aProject Gutenberg
_v12718
856 4 0 _uhttp://www.gutenberg.org/ebooks/12718
942 _cEB
999 _c241973
_d241973